000 00640nam a2200217Ia 4500
003 OSt
005 20260212151338.0
008 210716s2012 xx 000 0 und d
020 _a9780198066293
040 _cAIMIT LIBRARY
041 _aeng
082 _a658.3041
_21
_bMADS
100 _aMadhavan, Shobhana.
_9252244
245 _aCross cultural management /
_bconcepts and cases.
250 _a1st ed.
260 _aNew Delhi :
_bOxford University Press ,
_c2012.
300 _axx,432p.
_bPB
_c24cm.
650 _aCommunicating across cultures
_9252245
650 _aNegotiating across cultures
_9254549
942 _2ddc
_cBK
_e1st ed.
999 _c182703
_d182703